[Event "Mecklenburg VP-ch Seniors"]
[Site "Greifswald"]
[Date "2025.03.16"]
[Round "7"]
[White "Onasch, Gunnar"]
[Black "Woll, Wilfried"]
[Result "0-1"]
[WhiteElo "1932"]
[BlackElo "2028"]
[PlyCount "114"]
[EventDate "2025.03.10"]
[EventType "swiss"]
[EventRounds "7"]
[EventCountry "GER"]
[SourceTitle "CB13_2025"]
[SourceDate "2025.03.26"]
[SourceVersion "1"]
[SourceVersionDate "2025.03.26"]
[SourceQuality "1"]

1. d4 d5 2. c4 e6 3. Nc3 Be7 4. cxd5 exd5 5. Bf4 c6 6. e3 Bf5 7. Bd3 Bxd3 8. Qxd3 Nd7 9. Nf3 Ngf6 10. h3 0-0 11. 0-0 Re8 12. Rab1 Nf8 13. b4 Ne6 14. Bh2 Bd6 15. Bxd6 Qxd6 16. Rfc1 Rad8 17. Rb2 h6 18. a4 Re7 19. a5 a6 20. Na4 g6 21. Nc5 Kg7 22. Rbc2 Rb8 23. Ne5 Nd8 24. f3 Nh7 25. e4 Ng5 26. h4 Nge6 27. Rd1 Nxc5 28. bxc5 Qc7 29. Qd2 dxe4 30. Ng4 e3 31. Nxe3 Qf4 32. Re1 Ne6 33. d5 cxd5 34. Nxd5 Qxd2 35. Rxd2 Rd7 36. Rdd1 Rbd8 37. Nc3 Rxd1 38. Nxd1 Nxc5 39. Ne3 Rd4 40. Rc1 Nb3 41. Rc4 Rd3 42. Ng4 Nxa5 43. Rc7 Rd5 44. Kf2 h5 45. Ne3 Rb5 46. g4 Nc6 47. gxh5 gxh5 48. Nc4 Rb4 49. Nd6 Ne5 50. Nxb7 Rxh4 51. Kg3 Rc4 52. Re7 Kf6 53. Re8 Rc3 54. Ra8 Rxf3+ 55. Kh4 Ra3 56. Nc5 Kf5 57. Rxa6 Ng6+ 0-1

[Event "Mecklenburg VP-ch Seniors"]
[Site "Greifswald"]
[Date "2025.03.14"]
[Round "5"]
[White "Onasch, Gunnar"]
[Black "Wolter, Guenter"]
[Result "1-0"]
[WhiteElo "1932"]
[BlackElo "1820"]
[PlyCount "53"]
[EventDate "2025.03.10"]
[EventType "swiss"]
[EventRounds "7"]
[EventCountry "GER"]
[SourceTitle "CB13_2025"]
[SourceDate "2025.03.26"]
[SourceVersion "1"]
[SourceVersionDate "2025.03.26"]
[SourceQuality "1"]

1. d4 Nf6 2. c4 g6 3. Nc3 Bg7 4. e4 d6 5. Be2 0-0 6. Bg5 c5 7. d5 Nbd7 8. Qd2 a6 9. f3 Ne8 10. Nh3 Ne5 11. Nf2 f6 12. Be3 f5 13. 0-0-0 Nc7 14. Bh6 b5 15. Bxg7 Kxg7 16. b3 b4 17. Na4 Ne8 18. f4 Nd7 19. exf5 Rxf5 20. g4 Rf7 21. Ne4 h6 22. f5 Nef6 23. Ng3 g5 24. h4 Ne5 25. hxg5 Nfxg4 26. Rdg1 Qf8 27. Nh5+ 1-0

[Event "Mecklenburg VP-ch Seniors"]
[Site "Greifswald"]
[Date "2025.03.11"]
[Round "2"]
[White "Onasch, Gunnar"]
[Black "Dettmann, Gerd"]
[Result "0-1"]
[WhiteElo "1932"]
[BlackElo "2107"]
[PlyCount "77"]
[EventDate "2025.03.10"]
[EventType "swiss"]
[EventRounds "7"]
[EventCountry "GER"]
[SourceTitle "CB13_2025"]
[SourceDate "2025.03.26"]
[SourceVersion "1"]
[SourceVersionDate "2025.03.26"]
[SourceQuality "1"]

1. d4 Nf6 2. c4 e6 3. Nc3 Bb4 4. e3 0-0 5. Bd3 b6 6. Nge2 Bb7 7. f3 d5 8. 0-0 Nbd7 9. a3 Be7 10. e4 dxc4 11. Bxc4 c5 12. e5 Nd5 13. f4 cxd4 14. Nxd4 Nxc3 15. bxc3 Rc8 16. Bb5 Nc5 17. Bb2 Ne4 18. Qd3 Nc5 19. Qh3 a6 20. Be2 Na4 21. Bd3 h6 22. Nxe6 Qd5 23. Bf5 Nxb2 24. Qg4 Bc5+ 25. Kh1 Qxg2+ 26. Qxg2 Bxg2+ 27. Kxg2 fxe6 28. Bxe6+ Kh7 29. Bxc8 Rxc8 30. Ra2 Nc4 31. Re1 Bxa3 32. Kf3 a5 33. f5 Be7 34. Re4 b5 35. Rg2 Rc5 36. Rge2 a4 37. Kf4 Rxe5 38. Rxe5 Bd6 39. R2e4 0-1

[Event "Mecklenburg VP-ch Seniors"]
[Site "Greifswald"]
[Date "2025.03.10"]
[Round "1"]
[White "Naeckel, Karsten"]
[Black "Onasch, Gunnar"]
[Result "0-1"]
[WhiteElo "1685"]
[BlackElo "1932"]
[PlyCount "88"]
[EventDate "2025.03.10"]
[EventType "swiss"]
[EventRounds "7"]
[EventCountry "GER"]
[SourceTitle "CB13_2025"]
[SourceDate "2025.03.26"]
[SourceVersion "1"]
[SourceVersionDate "2025.03.26"]
[SourceQuality "1"]

1. Nf3 c5 2. c3 d5 3. e3 Nf6 4. d4 Bf5 5. Nbd2 e6 6. Be2 Nc6 7. 0-0 Bd6 8. Nh4 Qc7 9. Nhf3 0-0 10. Re1 cxd4 11. exd4 Nb4 12. cxb4 Bc2 13. Qxc2 Qxc2 14. Bd1 Qc7 15. a3 Rfe8 16. g3 Nd7 17. Nf1 b5 18. Be3 a5 19. Rc1 Qb7 20. bxa5 Rxa5 21. Bd2 Raa8 22. Rb1 Nb6 23. Ne3 f6 24. Bc2 Nc4 25. Bc1 Rac8 26. Bd3 g6 27. Ng4 Kg7 28. Bh6+ Kf7 29. h4 e5 30. dxe5 Nxe5 31. Ngxe5+ fxe5 32. Ng5+ Kg8 33. h5 e4 34. Be2 Bf8 35. Bxf8 Rxf8 36. h6 Qb6 37. Rf1 Rc2 38. Rbe1 Qf6 39. Nh3 Qxb2 40. Nf4 g5 41. Rb1 Qe5 42. Nxd5 Qxd5 43. Bxb5 e3 44. Rb4 Rfxf2 0-1

[Event "Greifswald Ryck op"]
[Site "Greifswald"]
[Date "2024.07.26"]
[Round "4"]
[White "Glatz, Okke"]
[Black "Onasch, Gunnar"]
[Result "1-0"]
[WhiteElo "1711"]
[BlackElo "1959"]
[PlyCount "37"]
[EventDate "2024.07.24"]
[EventType "swiss"]
[EventRounds "7"]
[EventCountry "GER"]
[SourceTitle "EXT 2025"]
[Source "ChessBase"]
[SourceDate "2024.10.14"]
[SourceVersion "1"]
[SourceVersionDate "2024.10.14"]
[SourceQuality "1"]

1. e4 d5 2. exd5 Qxd5 3. Nc3 Qa5 4. Nf3 Nf6 5. a3 c5 6. Bc4 e6 7. d4 Be7 8. Be3 cxd4 9. Nxd4 a6 10. 0-0 Bd7 11. Re1 0-0 12. Bd3 Nc6 13. Ne4 Nxd4 14. Bxd4 Qd8 15. Re3 Bc6 16. Nxf6+ Bxf6 17. Bxh7+ Kh8 18. Qh5 Qd5 19. Bf5+ 1-0

[Event "Greifswald Ryck op"]
[Site "Greifswald"]
[Date "2024.07.24"]
[Round "1"]
[White "Onasch, Gunnar"]
[Black "Quiram, Heiko"]
[Result "1-0"]
[WhiteElo "1959"]
[BlackElo "1748"]
[PlyCount "57"]
[EventDate "2024.07.24"]
[EventType "swiss"]
[EventRounds "7"]
[EventCountry "GER"]
[SourceTitle "EXT 2025"]
[Source "ChessBase"]
[SourceDate "2024.10.14"]
[SourceVersion "1"]
[SourceVersionDate "2024.10.14"]
[SourceQuality "1"]

1. d4 d5 2. c4 c6 3. Nf3 Nf6 4. Nc3 dxc4 5. a4 Bf5 6. e3 e6 7. Bxc4 Bb4 8. 0-0 0-0 9. Qe2 Bg6 10. Ne5 Nbd7 11. Nxg6 hxg6 12. Rd1 Qc7 13. e4 Rfe8 14. Bb3 Rac8 15. Bg5 Qb6 16. Bc2 c5 17. Be3 cxd4 18. Bxd4 Bc5 19. Bxc5 Rxc5 20. Rab1 Rec8 21. Rdc1 Ne5 22. Na2 Nc6 23. Qd2 Rd8 24. Qe1 Nd4 25. Bd1 Rdc8 26. Rxc5 Rxc5 27. Qe3 Qd6 28. b4 Rc7 29. e5 1-0

[Event "Mecklenburg VP LL2 Ost 2122"]
[Site "Mecklenburg VP"]
[Date "2021.11.07"]
[Round "2.2"]
[White "Schmidt, Paul1"]
[Black "Onasch, Gunnar"]
[Result "1/2-1/2"]
[WhiteElo "1849"]
[BlackElo "1797"]
[PlyCount "109"]
[EventDate "2021.10.24"]
[EventType "team-tourn"]
[EventRounds "9"]
[EventCountry "GER"]
[SourceTitle "EXT 2024"]
[Source "ChessBase"]
[SourceDate "2023.10.10"]
[SourceVersion "1"]
[SourceVersionDate "2023.10.10"]
[SourceQuality "1"]
[WhiteTeam "Torgelow Droegeheide II"]
[BlackTeam "Waterkant Saal SV"]
[WhiteTeamCountry "GER"]
[BlackTeamCountry "GER"]

1. e4 d5 2. exd5 Qxd5 3. Nc3 Qa5 4. d4 c6 5. Nf3 Nf6 6. Bc4 Bf5 7. Bd2 e6 8. a3 Qc7 9. 0-0 Bd6 10. Re1 0-0 11. Bb3 Nbd7 12. Qe2 Nb6 13. Ne5 Nbd5 14. Kh1 Nxc3 15. Bxc3 Ne4 16. Bb4 a5 17. Bxd6 Nxd6 18. c3 Qe7 19. Rad1 Rfe8 20. Qh5 Ne4 21. Qf3 Nf6 22. c4 Rad8 23. d5 Qc7 24. dxc6 Rxd1 25. Bxd1 bxc6 26. Qxc6 Qb8 27. Qb5 Qc7 28. g4 Rb8 29. Qc6 Qxc6+ 30. Nxc6 Be4+ 31. Rxe4 Nxe4 32. Nxb8 Nxf2+ 33. Kg1 Nxd1 34. c5 Nxb2 35. c6 Nc4 36. c7 Nd6 37. Nd7 Nc8 38. Kf2 f6 39. Ke3 Kf7 40. Kd4 Ke7 41. Nc5 Nd6 42. a4 Nc8 43. Nb7 Kd7 44. Nxa5 Kxc7 45. Kc5 Nd6 46. Kd4 Kb6 47. Nb3 Nb7 48. h4 g6 49. Nd2 Nd6 50. Nf3 Kc6 51. g5 fxg5 52. Nxg5 Nf5+ 53. Ke5 Nxh4 54. Nxh7 Nf3+ 55. Kxe6 1/2-1/2

[Event "Mecklenburg VP LL2 Ost 1617"]
[Site "Mecklenburg VP"]
[Date "2017.04.02"]
[Round "8.4"]
[White "Scheel, Manfred"]
[Black "Onasch, Gunnar"]
[Result "1/2-1/2"]
[WhiteElo "1676"]
[BlackElo "1804"]
[PlyCount "55"]
[EventDate "2016.10.16"]
[EventType "team-tourn"]
[EventRounds "9"]
[EventCountry "GER"]
[SourceTitle "EXT 2022"]
[Source "ChessBase"]
[SourceDate "2021.10.06"]
[SourceVersion "1"]
[SourceVersionDate "2021.10.06"]
[SourceQuality "1"]
[WhiteTeam "Bergen Rugia"]
[BlackTeam "Waterkant Saal SV"]
[WhiteTeamCountry "GER"]
[BlackTeamCountry "GER"]

1. e4 c5 2. Nf3 Nc6 3. d4 cxd4 4. Nxd4 e6 5. c3 a6 6. Bd3 Nge7 7. 0-0 d5 8. Bg5 f6 9. Be3 Ne5 10. Bc2 Nc4 11. b3 Nxe3 12. fxe3 e5 13. Nf5 Nxf5 14. exf5 Bc5 15. Qh5+ Ke7 16. Qe2 b5 17. Nd2 Bb7 18. Rad1 Qe8 19. Kh1 Qf7 20. e4 d4 21. cxd4 Bxd4 22. Nf3 Bb6 23. Qd2 Rhd8 24. Qb4+ Ke8 25. Rxd8+ Rxd8 26. h3 Qe7 27. Qxe7+ Kxe7 28. Re1 1/2-1/2